| 000 | 01717nam a2200349 a 4500 | ||
|---|---|---|---|
| 001 | BRCA_8576 | ||
| 005 | 20190320210333.0 | ||
| 008 | 190816s1677----sp-#######---#000-0#spa-# | ||
| 041 | _aspa | ||
| 044 | _asp | ||
| 050 | 4 |
_aMT1 _b.R85 _c1677 |
|
| 100 | 1 |
_aRuiz de Ribayaz, Lucas _921474 |
|
| 245 | 1 | 0 |
_aLvz, y norte mvsical para caminar por las cifras de la guitarra española, y arpa, tañer, y cantar a compás por canto de organo y breve explicacion del arte, con preceptos faciles, indubitables, y explicados con claras reglas por teorica, y practica _cLucas Ruiz de Ribayaz. |
| 260 |
_aMadrid _bMelchor Alvarez _c1677 |
||
| 300 |
_a144 p. _c20 cm |
||
| 500 | _aFondo antiguo | ||
| 500 | _aSe encuentra en Caja Fuerte | ||
| 500 | _aCOB-27 | ||
| 500 | _aFirma en la guarda: M. Julio 2 1820, melo regalo el capita de Dn Caietano Gomes | ||
| 500 | _aEn portada: consagrale a la reyna de los Angeles Mária Santissima de Curiñego, patrona de dicha colegial | ||
| 500 | _aCon aprobación del reverendissimo padre Fray Luis Zerbela, Licencia del ordinario, aprobación de D. Christoval Galan, suma del privilegio y tassa | ||
| 500 | _aIncluye prólogo | ||
| 500 | _aIncluye índice de lo que se contiene en este libro | ||
| 500 | _aContiene partituras musicales para aprender a tocar la guitarra, arpa y piano | ||
| 500 | _aNota de encuadernación: en piel pergamino, con broches y botones de piel | ||
| 506 | 0 | _aFondo reservado: para su consulta es necesario credencial de usuario y carta de motivos | |
| 650 | 1 | 4 |
_aGuitarra _einstrucción y estudio _921475 |
| 650 | 1 | 4 |
_aArpa _einstrucción y estudio _921476 |
| 650 | 1 | 4 |
_aÓrgano _einstrucción y estudio _921477 |
| 902 | _aLAR | ||
| 942 |
_2lcc _cB |
||
| 999 |
_c8239 _d8239 |
||